书目信息 |
| 题名: |
多元化可持续农村金融体系的构建
|
|
| 作者: | 蒲应龚 著 | |
| 分册: | ||
| 出版信息: | 北京 中国农业出版社 2014 |
|
| 页数: | 286页 | |
| 开本: | 21cm | |
| 丛书名: | ||
| 单 册: | ||
| 中图分类: | F832.35 | |
| 科图分类: | ||
| 主题词: | 农村金融--金融体系--研究--中国 | |
| 电子资源: | ||
| ISBN: | 978-7-109-19481-6 | |
| 000 | 01286nam0 2200265 450 | |
| 001 | 339911 | |
| 005 | 20150605090610.76 | |
| 010 | @a978-7-109-19481-6@dCNY30.00 | |
| 100 | @a20150108d2014 em y0chiy50 ea | |
| 101 | 0 | @achi |
| 102 | @aCN@b110000 | |
| 105 | @ay z 000yy | |
| 106 | @ar | |
| 200 | 1 | @a多元化可持续农村金融体系的构建@Aduo yuan hua ke chi xu nong cun jin rong ti xi de gou jian@f蒲应?著 |
| 210 | @a北京@c中国农业出版社@d2014 | |
| 215 | @a286页@d21cm | |
| 300 | @a北京市属高等学校人才强教计划资助项目——中青年骨干人才培养计划项目 北京农学院促进人才培养综合改革专项计划 教育部新世纪优秀人才支持计划 北京农业产业安全理论与政策研究创新团队项目 “三农”数据采集与分析预警创新团队项目 | |
| 312 | @a封面英文题名:Construction of diversified sustainable rural finance system in China | |
| 330 | @a本书共7章, 内容包括: 绪论, 中国农村金融体系, 农村金融可持续的基础——农村资金与城市资金的双向流动, 中国农村金融的可持续性, 中国农村可持续金融发展存在的问题, 建立多元化可持续农村金融体系的对策, 结语。 | |
| 510 | 1 | @aConstruction of diversified sustainable rural finance system in China@zeng |
| 606 | 0 | @a农村金融@x金融体系@x研究@y中国 |
| 690 | @aF832.35@v5 | |
| 701 | 0 | @a蒲应龚@Apu ying yan@4著 |
| 801 | 0 | @aCN@b卓展宏图@c20150525 |
| 905 | @dF832.35@e130@f4 | |
| 多元化可持续农村金融体系的构建/蒲应?著.-北京:中国农业出版社,2014 |
| 286页;21cm |
| 北京市属高等学校人才强教计划资助项目——中青年骨干人才培养计划项目 北京农学院促进人才培养综合改革专项计划 教育部新世纪优秀人才支持计划 北京农业产业安全理论与政策研究创新团队项目 “三农”数据采集与分析预警创新团队项目 |
| ISBN 978-7-109-19481-6:CNY30.00 |
| 本书共7章, 内容包括: 绪论, 中国农村金融体系, 农村金融可持续的基础——农村资金与城市资金的双向流动, 中国农村金融的可持续性, 中国农村可持续金融发展存在的问题, 建立多元化可持续农村金融体系的对策, 结语。 |
| ● |
| 相关链接 |
|
|
|
|
正题名:多元化可持续农村金融体系的构建
索取号:F832.35/130
 
预约/预借
| 序号 | 登录号 | 条形码 | 馆藏地/架位号 | 状态 | 备注 |
| 1 | 854874 | 208548749 | 第一样本阅览室/ [索取号:F832.35/130] | 在馆 | |
| 2 | 854875 | 208548758 | 第一借阅区/ [索取号:F832.35/130] | 在馆 | |
| 3 | 854876 | 208548767 | 第一借阅区/ [索取号:F832.35/130] | 在馆 | |
| 4 | 854877 | 208548776 | 第一借阅区/ [索取号:F832.35/130] | 在馆 |